000 00695nam a2200217Ii 4500
003 JO-AjNU
008 230605s9999||||xx |||||||||||||| ||und||
017 _a2001/4/865
040 _aJO-AjNU
_bara
_erda
_cJO-AjNU
041 _aara
050 1 4 _aBP76.8.H3884.2001
100 3 _aالهواري،تيسير,
_eauthor
_918722
245 0 0 _aعمات النبي صلى الله عليه وسلم
250 _aط1
264 3 1 _aعمان:تيسير الهواري ، 2001
300 _a126ص
336 _atext
_btxt
_2rdacontent
337 _aunmediated
_bn
_2rdamedia
338 _avolume
_bnc
_2rdacarrier
650 4 _aالاسلام-السيرة النبوية-ال البي-تراجم
_918723
999 _aA6042
_c9610
_d9610